000 00408nam a2200181Ia 4500
001 489
005 20260306140521.0
008 260306t2006||||xx |||||||||||||| ||spa||
041 _aESP
082 _a121
_bP75 T. 3
100 _aPolo, Leonardo
_eAUT
245 0 _aCurso de teorĂ­a del conocimiento
260 _c2006
300 _a
_c23 cm.
650 _aGEN
654 _aCHU
942 _cLIB
_dJUS
_fJUS
_2ddc
_n
999 _c489
_d489